000 00744nam a22001935i 4500
001 54101
003 ES-MaACL
005 20230906162909.0
007 t|
008 960627s1892 po ||||1| por d
040 _aCAM
_bspa
_cCAM
100 1 _aGonçalves, Eduardo Augusto Ferrugento.
_958220
245 1 0 _aNota sobre o ensino das machinas de vapor maritimas em Portugal /
_cpor Eduardo Augusto Ferrugento Gonçalves.
260 _aLisboa :
_b[s.n.],
_c1892 (
_fImprensa Nacional)
300 _a24 p. ;
_c24 cm.
500 _aPrecede al tít.: Congresso Pedagogico Hispano-Portuguez-Americano. Secçâo portugueza.
711 2 _aCongresso Pedagogico Hispano-Portuguez-Americano (
_d1892.
_cLisboa.)
_9135108
852 _aES-MaACL
_jT-1120-F-9
999 _c54101
_d54101